Đau và bàn luận : Nguyên nhân - Chẩn đoán - Điều trị
Nội dung sách gồm 2 phần: Phần I: Giải phẫu - Chức năng hệ thần kinh; Phần II: Những bệnh thường gặp: đau dầu, đau ngực, đau bụng, đau trong bệnh xương khớp,...
Shranjeno v:
| Glavni avtor: | |
|---|---|
| Format: | Knjiga |
| Jezik: | Undetermined |
| Izdano: |
Hà Nội
Y học
2010
|
| Teme: | |
| Oznake: |
Označite
Brez oznak, prvi označite!
|
| Thư viện lưu trữ: | Trung tâm Học liệu Trường Đại học Cần Thơ |
|---|
| LEADER | 00955nam a2200217Ia 4500 | ||
|---|---|---|---|
| 001 | CTU_158579 | ||
| 008 | 210402s9999 xx 000 0 und d | ||
| 020 | |c 65000 | ||
| 082 | |a 614.5 | ||
| 082 | |b C561 | ||
| 100 | |a Phùng, Tấn Cường | ||
| 245 | 0 | |a Đau và bàn luận : | |
| 245 | 0 | |b Nguyên nhân - Chẩn đoán - Điều trị | |
| 245 | 0 | |c Phùng Tấn Cường (Chủ biên) ; Tham gia biên soạn: Nguyễn Thị Bích Thuận, Vũ Minh Ngọc | |
| 260 | |a Hà Nội | ||
| 260 | |b Y học | ||
| 260 | |c 2010 | ||
| 520 | |a Nội dung sách gồm 2 phần: Phần I: Giải phẫu - Chức năng hệ thần kinh; Phần II: Những bệnh thường gặp: đau dầu, đau ngực, đau bụng, đau trong bệnh xương khớp,... | ||
| 650 | |a Clinical medicine,Diseases | ||
| 904 | |i HHTrang, Giang | ||
| 980 | |a Trung tâm Học liệu Trường Đại học Cần Thơ | ||